| 000 | 00446nam a22001697a 4500 | ||
|---|---|---|---|
| 003 | OSt | ||
| 005 | 20211115111306.0 | ||
| 008 | 211115b |||||||| |||| 00| 0 eng d | ||
| 020 | _a0-8247-0613-7 | ||
| 040 | _cHawassa University | ||
| 050 |
_a641.3/SAR _b1 |
||
| 082 |
_a641.3/SAR _b1 |
||
| 100 |
_aSaravacos,George D. _918332 |
||
| 245 | _aTransport Properties of Foods | ||
| 260 |
_aNew York _bMarcel Dekker. Inc _c2001 |
||
| 942 |
_2ddc _cBOOKS _n0 |
||
| 999 |
_c18204 _d18204 |
||